| 000 | 00474nam a2200157 a 4500 | ||
|---|---|---|---|
| 005 | 20140412111229.0 | ||
| 008 | 020412s19uu xx 00 eng d | ||
| 020 | _a0-934140-41-3 | ||
| 050 |
_aTR(GS 745.5 _bR22 1987 |
||
| 100 | _aRedleaf, Rhoda | ||
| 245 |
_aTeachables II : _bhomemade toys that teach / _cby Rhoda Redleaf ; illustrations by Ellen Krans. |
||
| 260 |
_aMinnesota : _bToy's n Things Press, _c1987. |
||
| 300 | _a224 p. | ||
| 650 | _aCrafts | ||
| 999 |
_c102135 _d102135 |
||